[Event "TUR-ch U13/18 Girls"]
[Site "Antalya"]
[Date "2023.01.25"]
[Round "6"]
[White "Ermemis, Zehra Ece"]
[Black "Turunz, Dilek"]
[Result "1-0"]
[WhiteElo "1381"]
[BlackElo "1501"]
[PlyCount "89"]
[EventDate "2023.01.17"]
[EventType "swiss"]
[EventRounds "9"]
[EventCountry "TUR"]
[SourceTitle "EXT 2024"]
[Source "ChessBase"]
[SourceDate "2023.10.10"]
[SourceVersion "1"]
[SourceVersionDate "2023.10.10"]
[SourceQuality "1"]

1. e4 c5 2. Nf3 Nc6 3. Bb5 g6 4. Bxc6 dxc6 5. d3 Bg7 6. 0-0 e5 7. Be3 Qe7 8. Nbd2 Nf6 9. Nc4 0-0 10. Qd2 Nd7 11. h3 Rd8 12. Rfd1 b6 13. a4 Ba6 14. Qc3 Bxc4 15. Qxc4 Nf8 16. Bg5 Bf6 17. Bxf6 Qxf6 18. a5 Ne6 19. axb6 axb6 20. Qb3 b5 21. Qc3 Nd4 22. Nxd4 cxd4 23. Qc5 h5 24. Ra3 Rxa3 25. Qxa3 Qd6 26. Qxd6 Rxd6 27. Ra1 Kf8 28. Ra7 Ke8 29. Rc7 Rf6 30. g3 Kd8 31. Rb7 Ke8 32. Kf1 Rd6 33. Rc7 Rf6 34. Ke2 Kd8 35. Rb7 Ke8 36. c3 dxc3 37. bxc3 Kf8 38. Ke3 Kg7 39. Re7 Re6 40. Rxe6 fxe6 41. d4 Kf6 42. h4 exd4+ 43. Kxd4 Ke7 44. e5 Kd7 45. Kc5 1-0

[Event "TUR-ch (Women)"]
[Site "Ayvalik"]
[Date "2022.03.11"]
[Round "9"]
[White "Yardak, Aybuke"]
[Black "Turunz, Dilek"]
[Result "0-1"]
[WhiteElo "1025"]
[BlackElo "1461"]
[PlyCount "62"]
[EventDate "2022.03.05"]
[EventType "swiss"]
[EventRounds "9"]
[EventCountry "TUR"]
[SourceTitle "EXT 2023"]
[Source "ChessBase"]
[SourceDate "2022.10.05"]
[SourceVersion "1"]
[SourceVersionDate "2022.10.05"]
[SourceQuality "1"]

1. d4 d5 2. Bf4 Nf6 3. Nf3 e6 4. e3 Bd6 5. Bg3 c5 6. c3 Qc7 7. Bxd6 Qxd6 8. Bb5+ Bd7 9. Bxd7+ Nbxd7 10. Nbd2 Rc8 11. Rc1 Qb6 12. Qb3 Qxb3 13. Nxb3 c4 14. Nbd2 Ke7 15. Nf1 Ne4 16. Ng3 Ndf6 17. Nd2 Nxd2 18. Kxd2 Rhd8 19. f3 Rc6 20. e4 Rb6 21. e5 Rxb2+ 22. Rc2 Rxc2+ 23. Kxc2 Nd7 24. Rb1 b6 25. f4 f6 26. exf6+ gxf6 27. Re1 Kf7 28. f5 e5 29. dxe5 fxe5 30. Nh5 Rg8 31. Ng3 h5 0-1

[Event "TUR-ch (Women)"]
[Site "Ayvalik"]
[Date "2022.03.08"]
[Round "5"]
[White "Turunz, Dilek"]
[Black "Dal, Nurseda"]
[Result "0-1"]
[WhiteElo "1461"]
[BlackElo "1042"]
[PlyCount "86"]
[EventDate "2022.03.05"]
[EventType "swiss"]
[EventRounds "9"]
[EventCountry "TUR"]
[SourceTitle "EXT 2023"]
[Source "ChessBase"]
[SourceDate "2022.10.05"]
[SourceVersion "1"]
[SourceVersionDate "2022.10.05"]
[SourceQuality "1"]

1. e4 e5 2. Nf3 Nc6 3. d4 exd4 4. Bc4 Nf6 5. e5 d5 6. Bb5 Ne4 7. Nxd4 Bd7 8. Bxc6 bxc6 9. 0-0 Bc5 10. f3 Ng5 11. f4 Ne4 12. Be3 Bb6 13. Qf3 0-0 14. Nb3 Bg4 15. Qxg4 Bxe3+ 16. Kh1 Nf2+ 17. Rxf2 Bxf2 18. N1d2 Qh4 19. Qf3 Bb6 20. Rf1 Rae8 21. a4 a5 22. Qc3 Re6 23. f5 Rh6 24. h3 Qxa4 25. f6 gxf6 26. exf6 Rg6 27. g3 Kh8 28. Rf4 Qb5 29. Qf3 a4 30. Nd4 Bxd4 31. Rxd4 Qxb2 32. Rxa4 Qxc2 33. Rd4 Qc1+ 34. Kg2 Qe1 35. h4 Rfg8 36. Nf1 Qe6 37. Rf4 Rg4 38. Ne3 Rxg3+ 39. Qxg3 Rxg3+ 40. Kxg3 Qxe3+ 41. Rf3 Qe5+ 42. Kf2 Qh2+ 43. Ke3 Qxh4 0-1

[Event "TUR-ch U13-U18 Girls"]
[Site "Antalya"]
[Date "2020.01.23"]
[Round "7"]
[White "Turunz, Dilek"]
[Black "Ciftci, Zeynep"]
[Result "0-1"]
[WhiteElo "1408"]
[BlackElo "1583"]
[PlyCount "59"]
[EventDate "2020.01.19"]
[EventType "swiss"]
[EventRounds "11"]
[EventCountry "TUR"]
[SourceTitle "CBM 195 Extra"]
[Source "ChessBase"]
[SourceDate "2020.05.31"]
[SourceVersion "1"]
[SourceVersionDate "2020.05.31"]
[SourceQuality "1"]

1. e4 c6 2. d4 d5 3. Nc3 g6 4. exd5 cxd5 5. Nf3 Nc6 6. Be3 Nf6 7. h3 a6 8. a3 Bg7 9. Bd3 0-0 10. Qd2 b5 11. 0-0 Ne8 12. Bh6 f6 13. Nh4 e5 14. Bxg6 exd4 15. Ne2 hxg6 16. Nxg6 Rf7 17. Ng3 Ne5 18. Bxg7 Rxg7 19. Nf4 Nc6 20. Nfh5 Rh7 21. Rfe1 Nd6 22. Nf4 Nc4 23. Qd3 N4e5 24. Qd2 Bxh3 25. Qe2 Bg4 26. f3 Bc8 27. Nfh5 Raa7 28. Qf2 Rh6 29. Kf1 d3 30. Qe3 0-1

[Event "TUR-ch (Women)"]
[Site "Antalya"]
[Date "2019.03.08"]
[Round "8"]
[White "Turunz, Dilek"]
[Black "Cetin, Defne Rengin1111"]
[Result "1-0"]
[WhiteElo "1325"]
[BlackElo "1142"]
[PlyCount "65"]
[EventDate "2019.03.03"]
[EventType "swiss"]
[EventRounds "9"]
[EventCountry "TUR"]
[SourceTitle "CBM 189 Extra"]
[Source "ChessBase"]
[SourceDate "2019.06.03"]
[SourceVersion "1"]
[SourceVersionDate "2019.06.03"]
[SourceQuality "1"]

1. f4 Nf6 2. Nf3 d6 3. b3 Nc6 4. Bb2 Bg4 5. e3 e5 6. fxe5 dxe5 7. Be2 Bd6 8. 0-0 0-0 9. Nh4 Nd5 10. Nf5 Bxf5 11. Rxf5 Qh4 12. Rh5 Qe7 13. c4 Nf6 14. Rf5 Bc5 15. a3 Rad8 16. Qc2 e4 17. Bxf6 gxf6 18. b4 Bd6 19. Nc3 Qe6 20. Raf1 Be7 21. Nxe4 Kg7 22. Ng3 Ne5 23. Nh5+ Kh8 24. Nxf6 c5 25. Qc3 Bd6 26. bxc5 Bb8 27. Ng4 Kg8 28. Nxe5 Bxe5 29. Rxe5 Qg6 30. Rd5 Rc8 31. Bd3 Qg4 32. Qf6 Rc6 33. Rg5+ 1-0

[Event "TUR-ch (Women)"]
[Site "Antalya"]
[Date "2019.03.05"]
[Round "4"]
[White "Acar, Ilayda"]
[Black "Turunz, Dilek"]
[Result "1/2-1/2"]
[WhiteElo "1351"]
[BlackElo "1325"]
[PlyCount "86"]
[EventDate "2019.03.03"]
[EventType "swiss"]
[EventRounds "9"]
[EventCountry "TUR"]
[SourceTitle "CBM 189 Extra"]
[Source "ChessBase"]
[SourceDate "2019.06.03"]
[SourceVersion "1"]
[SourceVersionDate "2019.06.03"]
[SourceQuality "1"]

1. d4 Nf6 2. Bf4 c5 3. c3 cxd4 4. cxd4 d5 5. e3 Nc6 6. Nc3 a6 7. h3 Bf5 8. Bd3 Bxd3 9. Qxd3 e6 10. a3 Bd6 11. Bxd6 Qxd6 12. Nf3 0-0 13. 0-0 h6 14. Rfd1 Rac8 15. b4 Na7 16. Nd2 Rc7 17. Nb3 Nd7 18. Na4 Rfc8 19. Nbc5 Nxc5 20. bxc5 Qc6 21. Nb6 Rd8 22. a4 Nc8 23. Rdb1 Nxb6 24. Rxb6 Qd7 25. Qb3 Re8 26. Rb1 Re7 27. Qb4 Kf8 28. Rd6 Qc8 29. Qb6 Red7 30. a5 Ke8 31. Kh1 Rxd6 32. cxd6 Rc1+ 33. Rxc1 Qxc1+ 34. Kh2 Qc6 35. Qb4 Kd7 36. Kg1 Qc1+ 37. Kh2 Qc6 38. g3 Qb5 39. Qc5 Qc6 40. Qb4 Qb5 41. Qc5 Qc6 42. Qb4 Qb5 43. Qc5 Qc6 1/2-1/2

[Event "TUR-ch (Women)"]
[Site "Aksu"]
[Date "2017.03.07"]
[Round "3"]
[White "Aydin, Gulenay"]
[Black "Turunz, Dilek"]
[Result "1-0"]
[WhiteElo "1494"]
[BlackElo "1172"]
[PlyCount "93"]
[EventDate "2017.03.06"]
[EventType "swiss"]
[EventRounds "9"]
[EventCountry "TUR"]
[SourceTitle "CBM 177 Extra"]
[Source "ChessBase"]
[SourceDate "2017.04.27"]
[SourceVersion "1"]
[SourceVersionDate "2017.04.27"]
[SourceQuality "1"]

1. e4 e6 2. d4 d5 3. Nd2 Nf6 4. e5 Nfd7 5. Ngf3 c5 6. c3 Nc6 7. Bd3 cxd4 8. cxd4 a5 9. 0-0 a4 10. Re1 Nb6 11. Nf1 Bd7 12. Ng5 g6 13. Qg4 Bg7 14. Ng3 Qe7 15. Bd2 Nc4 16. Bxc4 dxc4 17. Rac1 b5 18. N3e4 0-0 19. Nd6 Rab8 20. Qh3 h6 21. Nge4 h5 22. Qg3 Nxd4 23. Bg5 f6 24. exf6 Bxf6 25. Bxf6 Rxf6 26. Nxf6+ Qxf6 27. Ne4 Qf7 28. Qxb8+ Be8 29. Nd6 Qf8 30. Qxe8 Qxe8 31. Nxe8 Kf7 32. Nd6+ Ke7 33. Rcd1 Nc2 34. Re2 Nb4 35. a3 Nc6 36. Nxb5 e5 37. f4 Ke6 38. Rd6+ Kf5 39. Rxc6 Kxf4 40. Rf6+ Kg5 41. Rf3 e4 42. Rxe4 c3 43. bxc3 Kh6 44. Nd6 Kg7 45. Rf7+ Kh6 46. h4 g5 47. Re6# 1-0